| 000 | 02079cam a22004457a 4500 | ||
|---|---|---|---|
| 001 | 15166240 | ||
| 003 | OSt | ||
| 005 | 20180904161346.0 | ||
| 008 | 080204s2007 enka b 001 0 eng | ||
| 010 | _a 2008295904 | ||
| 015 |
_aGBA726043 _2bnb |
||
| 016 | 7 |
_a013708980 _2Uk |
|
| 020 | _a9780521819398 (pbk.) | ||
| 020 | _a0521819393 (pbk.) | ||
| 035 | _a(OCoLC)ocn123113771 | ||
| 040 |
_aUKM _cUKM _dBAKER _dBTCTA _dBWKUK _dYDXCP _dVAM _dDLC |
||
| 042 |
_aukblcatcopy _alccopycat |
||
| 050 | 0 | 0 |
_aRC78.2 _b.A66 2007 |
| 082 | 0 | 4 |
_a611.0022 _222 _bAPR |
| 245 | 0 | 0 |
_aApplied radiological anatomy for medical students / _cPaul Butler, Adam Mitchell, Harold Ellis. |
| 260 |
_aCambridge : _bCambridge University Press, _c2007. |
||
| 300 |
_a164 p. : _bill. (some col.) ; _c28 cm. |
||
| 504 | _aIncludes bibliographical references and index. | ||
| 505 | 0 | _aAn introduction to the technology of imaging -- How to interpret an image -- The chest wall and ribs -- The breast -- The abdomen -- The renal tract, retroperitoneum and pelvis -- The skull and brain -- The eye -- The ear -- The extracranial head and neck -- The vertebral column and spinal cord -- The upper limb -- The lower limb -- Obstetric imaging -- Pediatric imaging. | |
| 650 | 0 |
_aHuman anatomy _vAtlases. _910617 |
|
| 650 | 0 |
_aRadiology, Medical. _964799 |
|
| 650 | 0 |
_aDiagnostic imaging. _964800 |
|
| 650 | 2 |
_aDiagnostic Imaging _964801 |
|
| 650 | 2 |
_aEducation, Medical _913923 |
|
| 650 | 2 |
_aAnatomy _vAtlases _964802 |
|
| 655 | 2 |
_aAtlases _913924 |
|
| 700 | 1 |
_aButler, Paul, _d1952 June 4- _913925 |
|
| 700 | 1 |
_aMitchell, Adam W. M. _913926 |
|
| 700 | 1 |
_aEllis, Harold, _d1926- _913927 |
|
| 856 | 4 | 2 |
_3Contributor biographical information _uhttp://www.loc.gov/catdir/enhancements/fy0810/2008295904-b.html |
| 856 | 4 | 2 |
_3Publisher description _uhttp://www.loc.gov/catdir/enhancements/fy0810/2008295904-d.html |
| 856 | 4 | 1 |
_3Table of contents only _uhttp://www.loc.gov/catdir/enhancements/fy0810/2008295904-t.html |
| 942 |
_2ddc _cBOOK |
||
| 999 |
_c22237 _d256737 |
||